000 00627nam a22002057a 4500
005 20241129142421.0
010 _aENG-142740
020 _c399.00
_a9788183333924
035 _aEN-126272
037 _bDBAD
082 _a006.336
_21
100 _aAkhter, Shameem
_974392
245 _aJournal of Research in Social Sciences/
_cby Shameem Akhter [and] Jason Roberts
250 _a1
260 _aNew Delhi
_bBPB Publications
_c2010
270 _aB-14, Connaught Place
_bNew Delhi
_e110001
300 _axv,336p.
_c24cm(pb)
700 _aRoberts, Jason
_eAuthor
_974393
942 _2ddc
_cEN
_h006.336
_mAKH
999 _c207236
_d207236